000 00899cab a2200253 4500
001 ABS46717
008 090401t1992 xxu||||| |||| 00| 0 eng d
035 _a(Sirsi) u59333
041 _aeng
245 _aCentrefolio : East Scotland
260 _c1992
350 _a0
490 _aChartered Surveyor Weekly
_v40(2) 9 July 1992, 41-67(14)
520 _aReviews the office, retail and industrial markets in Edinburgh, Inverness, Perth, Dundee and Aberdeen. Tenant profiles include Dundas and Wilson, Edinburgh, Virgin megastore, Aberdeen and United Artists Communications (Scotland), Edinburgh. File looks at Wellington Court, Edinburgh.
650 _aABERDEEN
650 _aDUNDEE
650 _aEDINBURGH
650 _aINVERNESS
650 _aPERTH
650 _aSCOTLAND
690 _aPROPERTY-COMMERCIAL PROPERTY-COMMERCIAL PROPERTY MARKET
942 _n0
948 _c04/03/1997
999 _c36401
_d36401